| 000 | 01222naa a22002897a 4500 | ||
|---|---|---|---|
| 001 | BR7908286 | ||
| 003 | BR-BrBNA | ||
| 005 | 20240918174530.0 | ||
| 007 | ta | ||
| 008 | 230509b bl.||||| |||| 00| 0 por d | ||
| 040 |
_aBR-BrBNA _bpor _cBiblioteca Nacional de Agricultura |
||
| 041 | _a(Pt) | ||
| 072 |
_aE15 _b0150 _bG514 |
||
| 090 | _aE15 BR7908286 | ||
| 110 | 1 | _aAssociacao Riograndense de Empreendimentos de Assistencia Tecnica e Extensao Rural, Porto Alegre, RS (Brasil) | |
| 111 | 1 |
_aReuniao de Programacao da Pesquisa do Arroz Irrigado, na Regiao Sul _cPelotas, RS (Brazil) _d19-21 Jun 1979 |
|
| 245 | 1 | _aCultura do arroz irrigado no Rio Grande do Sul [producao, Brasil] | |
| 260 | 3 |
_aPelotas, RS (Brasil): _c1979. |
|
| 500 | _aAta da Reuniao de programacao da pesquisa do arroz irrigado, na regiao sul Pelotas, RS (Brasil): 1979. p. 57-75 (BR7908286-AM)E15 | ||
| 650 | _aARROZ IRRIGADO | ||
| 650 | _aSISTEMA DE PRODUCAO | ||
| 650 | _aESTATISTICA DE PRODUCAO | ||
| 650 | _aRIO GRANDE DO SUL | ||
| 773 | 0 |
_tAta da Reuniao de programacao da pesquisa do arroz irrigado, na regiao sul _wE15 BR7908286 _gPelotas, RS (Brasil), 1979. p. 57-75 |
|
| 909 |
_a202404 _bLucia _c55 _dLucia Elande |
||
| 942 |
_cAM _2AGRIS |
||
| 999 |
_c311813 _d311813 |
||